| 000 | 00455cam a22001337a 4500 | ||
|---|---|---|---|
| 008 | 180718b1992 xxu||||| |||| 00| 0 eng d | ||
| 082 | _aI548x54 C393 | ||
| 100 | _aChaturvedi, J.P. | ||
| 245 |
_aIndian press at the crossroads: saga of fifty years _cby J.P. Chaturvedi |
||
| 260 |
_aNew Delhi _bMedia Research Associates _c1992 |
||
| 300 | _a432p. | ||
| 650 | _aJournalism --India --History --20th century | ||
| 650 | _aPress --India --History --20th century | ||
| 999 |
_c481698 _d481698 |
||